Účtovanie v lekárni - právnická osoba (s.r.o.) účtujúca v podvojnom účtovníctve

Lekárne podnikajúce ako s.r.o. musia účtovať podľa opatrenia pre vedenie podvojného účtovníctva pre podnikateľov.

Salvato in:
Dettagli Bibliografici
Autore principale: Haščíková, Štefánia
Natura: Capitolo di libro
Lingua:slovacco
Soggetti:
Tags: Aggiungi Tag
Nessun Tag, puoi essere il primo ad aggiungerne!!

MARC

LEADER 00000naa a2200000 4500
001 0227498
005 20221104111134.1
041 0 |a slo 
044 |a SK 
245 1 0 |a Účtovanie v lekárni - právnická osoba (s.r.o.) účtujúca v podvojnom účtovníctve  |c Štefánia Haščíková 
520 |a Lekárne podnikajúce ako s.r.o. musia účtovať podľa opatrenia pre vedenie podvojného účtovníctva pre podnikateľov. 
610 2 0 |a lekárne 
610 2 0 |a účtovanie 
610 2 0 |a zásoby 
610 2 0 |a účtovníctvo podvojné 
610 2 0 |a postupy účtovné 
100 1 |a Haščíková, Štefánia